A24 Films by Picture - Statistics

General Stats
  • This quiz has been taken 206 times
  • The average score is 10 of 16
Answer Stats
Picture Answer % Correct
Midsommar
90%
The Whale
87%
The Lighthouse
82%
Hereditary
81%
Lady Bird
81%
Moonlight
80%
Pearl
76%
Uncut Gems
71%
I Saw The TV Glow
61%
Past Lives
57%
Aftersun
52%
Priscilla
49%
Minari
48%
Mid90s
47%
Waves
43%
Beau Is Afraid
40%
No matching quizzes found
Score Distribution
Percent of People with Each Score
Percentile by Number Answered
Your Score History
You have not taken this quiz